000 00712nam a22002177a 4500
003 UA-OsUOA
001 38683
007 ta
008 20080205b un ||||| |||| 00| 0 ukr d
090 _a050
_bИ99
942 _cBR
040 _aUA-OsUOA
_bukr
_cUA-OsUOA
_dUA-OsUOA
245 _aІнформаційний листок Канадського товариства приятелів України.
_bЧ.27
300 _a7 с.
955 _a1
041 _aukr
080 _a050
260 _c2007
650 7 _a050 Серійні публікації. Періодика галузі, Організація та інші типи поєднання (співробітництва)
_2UDC
999 _c437196
_d437196